| 000 | 00836cam a2200217 4500 | ||
|---|---|---|---|
| 001 | WB3736-10 | ||
| 008 | 010926n2001 000 0 eng u | ||
| 035 | _a(Sirsi) u114841 | ||
| 245 | _aResearch on terror attacks' impact | ||
| 260 | _c2001 | ||
| 490 |
_aEstates Gazette _v(0138) 22 September 2001, 38(1) |
||
| 520 | _aA forum of UK's leading property agencies and societies, including RICS, will analyse the impact of the terrorist attacks in America on the global property market. Reserchers from the major surveying firms will be invited to join the first meeting. | ||
| 590 | _aWB | ||
| 650 | _aTERRORIST ATTACKS | ||
| 650 | _aTERRORISM | ||
| 650 | _aPROPERTY RESEARCH | ||
| 650 | _aGLOBAL PROPERTY MARKET | ||
| 650 | _aUNITED STATES | ||
| 690 | _aPROPERTY-COMMERCIAL PROPERTY-COMMERCIAL PROPERTY MARKET | ||
| 942 | _n0 | ||
| 999 |
_c68372 _d68372 |
||